000 00493cam a2200205ua 4500
001 7945
008 160906n ii |||gr||||Z||||||asm
020 _a9789382030409
040 _cMAIN
041 _aasm
082 _a332.4
100 _aAhmed, R.,
_eAuthor.
245 _aMudratatta aru bitta bazar
_cBy Rofique Ahmed
250 _a3rd ed.
260 _aJorhat:
_bUnika prakashan,
_c2015.
300 _a456p.
653 _aFinancial economics
653 _aMonetary theory
942 _cBK
999 _c7065
_d7065